000 00561nam a22001817a 4500
999 _c8432
_d8432
008 201124b ||||| |||| 00| 0 eng d
040 _aBMS College of Architecture
100 _aV, Ashika
245 _aStartup creative hub - redefining workspaces
300 _a30p.
500 _a1BM14AT018
502 _8B,Arch
_NBMS College of Architecture, Visvesvaraya Technological University
_aproject report
_d2018
650 _aCreative hub
650 _aWorkspaces
700 _aSreedhar K Morab
_eGuide
700 _aShantesh Kelvekar
_eGuide
942 _2ddc
_cTHE